000 00435nam a2200169Ia 4500
001 39774
008 140423s9999 xx 000 0 und d
020 _a9788173198007
040 _cPK-LaUMT
082 _a 519.542
_bBAN-B
100 _aBandsal, Ashok K.
245 _aBayesian parametric inference
_cBandsal, Ashok K.
260 _aNew Delhi,India:
_bNarosa Publishing House,
_c2007
300 _aVAR
546 _aEN
942 _cBK
999 _c39078
_d39078